|
|
|
|
| LEADER |
00000nam a2200000Ii 4500 |
| 001 |
DIGLOM20025 |
| 003 |
NyNyDIG |
| 006 |
m o d |
| 007 |
cr ||||||||||| |
| 008 |
131001s2011 cl a ob 000 0 spa d |
| 020 |
|
|
|z 9789562826174
|
| 020 |
|
|
|z 9562826171
|
| 035 |
|
|
|a (OCoLC)941865231
|
| 040 |
|
|
|a DGITA
|b eng
|e pn
|c DGITA
|
| 043 |
|
|
|a s-cl---
|
| 050 |
1 |
4 |
|a HN293 ebook
|
| 110 |
2 |
|
|a Colectivo Oficios Varios (Chile),
|e author.
|
| 245 |
1 |
0 |
|a Arriba quemando el sol :
|b estudios de historia social chilena : experiencias populares de trabajo, revuelta y autonomía (1830-1940) /
|c Colectivo Oficios Varios.
|
| 264 |
|
1 |
|a Santiago de Chile, Chile :
|b LOM Ediciones,
|c [2011]
|
| 300 |
|
|
|a 1 online resource :
|b illustrations.
|
| 336 |
|
|
|a text
|b txt
|2 rdacontent
|
| 337 |
|
|
|a computer
|b c
|2 rdamedia
|
| 338 |
|
|
|a online resource
|b cr
|2 rdacarrier
|
| 347 |
|
|
|a text file
|2 rdaft
|
| 347 |
|
|
|b PDF
|
| 347 |
|
|
|b EPUB
|
| 490 |
1 |
|
|a Colección Historia
|
| 505 |
0 |
|
|a A modo de estudio introductorio : historia social, nuevamente / Luis Osandón M. -- Historias de cangalleros : la sociedad minera y el robo en Atacama, 1830-1870 / aniel Palma Alvarado -- "Benditos sean los que no olvidan el país donde nacieron" : chilenos y mexicanos en California, 1848-1880 / Fernando Purcell Torre -- Ser hombre en la pampa : aproximación hacia los rasgos de masculinidad del peón chileno en las tierras del salitre, 1860-1880 / Cecilia Osorio G. -- La jarana del desierto : burdeles, prostitutas y pampinos en Tarapacá, 1890-1910 / Rodrigo Henríquez Vásquez -- "Jesto y palabra, idea y acción" : la historia de Efraín Plaza Olmedo / Alberto Harambour Ross -- Ansias de tumba y de la nada : prácticas sociales del suicidio en el mundo pampino : Chile, 1874-1948 / Marcos Fernández Labbé -- La violencia es actualidad : fotografías de una huelga-matanza Revista Sucesos, Valparaíso, 1903 / Jorge Iturriaga E.
|
| 588 |
0 |
|
|a Online resource; title from PDF title page (Digitalia, viewed October 10, 2013).
|
| 650 |
|
0 |
|a Social movements
|z Chile
|x History.
|
| 651 |
|
0 |
|a Chile
|x Social conditions.
|
| 655 |
|
0 |
|a Electronic books.
|
| 791 |
2 |
|
|a Digitalia (Firm),
|e distributor.
|
| 830 |
|
0 |
|a Historia (LOM Ediciones)
|
| 776 |
0 |
8 |
|i Print version:
|t Arriba quemando el sol.
|b 1. ed.
|d Santiago, Chile : LOM Ediciones, 2004
|z 9562826171
|w (DLC) 2004437523
|w (OCoLC)56405899
|
| 793 |
0 |
|
|g Digitalia eBook Collection:
|a LOM Ediciones
|
| 856 |
4 |
0 |
|3 Digitalia Hispánica
|u https://www.digitaliapublishing.com/a/18224/
|
| 910 |
|
|
|a Premium Collection: 2007-2012
|